000 00414nam a22001697a 4500
005 20160627154219.0
008 160627b xxu||||| |||| 00| 0 eng d
020 _a81-7929-076-X
041 _aeng
082 _b10514
100 _aAlder, Harry
_91145
245 _aThe Ultimate Strategies for personal Achievment
260 _bInfinity Books
_c2004
300 _a178
650 _aManagement
_9241
942 _cBK
999 _c4300
_d4299